| 000 | 00566nam 22001933 4500 | ||
|---|---|---|---|
| 001 | 200454 | ||
| 010 | _a978-989-9275-53-9 | ||
| 021 | _b555194/25 | ||
| 090 | _a200454 | ||
| 100 | _a20260206d u||y0pory50 ba | ||
| 200 |
_aEstremoz nos alvores do liberalismo 1820-1834 _fTeresa Fonseca |
||
| 205 | _a1ª | ||
| 210 |
_aV.N. Famalicão _cEdições Húmus _d2025 |
||
| 215 |
_a255 p. _cbrochado _d23 cm |
||
| 606 |
_94577 _aMonografias Regionais _yEstremoz _z1820-1834 |
||
| 700 |
_92142 _aFonseca _bTeresa |
||
| 801 |
_aPT _bBMMN _gRPC |
||
| 830 |
_cFernando _fFernando |
||
| 990 | _cLIVROS | ||